[Event "Asia-chT 15th"]
[Site "Vishakapatnam"]
[Date "2008.01.08"]
[Round "6"]
[White "Telge, Peiris Gayan Madush"]
[Black "Nguyen, Ngoc Truong Son"]
[Result "0-1"]
[WhiteElo "1999"]
[BlackElo "2551"]
[PlyCount "76"]
[EventDate "2008.01.03"]
[EventType "team-tourn"]
[EventRounds "7"]
[EventCountry "IND"]
[SourceTitle "EXT 2020"]
[Source "ChessBase"]
[SourceDate "2019.10.17"]
[SourceVersion "1"]
[SourceVersionDate "2019.10.17"]
[SourceQuality "1"]
[WhiteTeam "Sri Lanka"]
[BlackTeam "Vietnam"]
[WhiteTeamCountry "SRI"]
[BlackTeamCountry "VIE"]

1. d4 Nf6 2. Nf3 g6 3. g3 Bg7 4. Bg2 0-0 5. 0-0 d6 6. Bg5 Nbd7 7. Nbd2 h6 8. Bxf6 Bxf6 9. c3 Bg7 10. e4 e5 11. dxe5 Nxe5 12. Nxe5 dxe5 13. Qc2 c6 14. Rfe1 Qc7 15. Nf3 Be6 16. Rad1 Rfd8 17. b3 b5 18. Rxd8+ Rxd8 19. Rd1 Ra8 20. Qd2 Bf8 21. Bf1 a5 22. c4 b4 23. Ne1 a4 24. Nc2 Qb6 25. Kg2 axb3 26. axb3 Ra2 27. Qd3 Qa7 28. Be2 Rb2 29. Ra1 Qd7 30. Qxd7 Bxd7 31. Bd1 Rxb3 32. Ra7 Rd3 33. Ne3 Bc5 34. Ra8+ Kg7 35. Ba4 Bxe3 36. fxe3 Rd2+ 37. Kg1 Ra2 38. Ra7 Be6 0-1